Deelgemeenten van Vlaams-Brabant - Statistieken

Algemene statistieken
  • Deze quiz is 87 keer genomen
  • De gemiddelde score is 62 van 235
Antwoorden op de kaart
Antwoorden kleurgecodeerd door een groen-rode schaal op de quizkaart volgens % correct hieronder.
 
Antwoordstatistieken
group answer % Correct
Asse Asse
93%
Diest Diest
93%
Leuven Leuven
93%
Pajottegem Gooik
79%
Grimbergen Grimbergen
79%
Hoegaarden Hoegaarden
79%
Hoeilaart Hoeilaart
79%
Landen Landen
79%
Overijse Overijse
79%
Tielt-Winge Tielt
79%
Tremelo Tremelo
79%
Vilvoorde Vilvoorde
79%
Zaventem Zaventem
79%
Zoutleeuw Zoutleeuw
79%
Boortmeerbeek Boortmeerbeek
71%
Dilbeek Dilbeek
71%
Halle Halle
71%
Boortmeerbeek Hever
71%
Kraainem Kraainem
71%
Sint-Pieters-Leeuw Sint-Pieters-Leeuw
71%
Ternat Ternat
71%
Tienen Tienen
71%
Aarschot Aarschot
64%
Beersel Beersel
64%
Bever Bever
64%
Boutersem Boutersem
64%
Pajottegem Galmaarden
64%
Haacht Haacht
64%
Leuven Heverlee
64%
Kortenberg Kortenberg
64%
Liedekerke Liedekerke
64%
Machelen Machelen
64%
Oud-Heverlee Oud-Heverlee
64%
Pepingen Pepingen
64%
Scherpenheuvel-Zichem Scherpenheuvel
64%
Sint-Genesius-Rode Sint-Genesius-Rode
64%
Wezembeek-Oppem Wezembeek-Oppem
64%
Begijnendijk Begijnendijk
57%
Bertem Bertem
57%
Bierbeek Bierbeek
57%
Holsbeek Holsbeek
57%
Linkebeek Linkebeek
57%
Londerzeel Londerzeel
57%
Meise Meise
57%
Rotselaar Rotselaar
57%
Steenokkerzeel Steenokkerzeel
57%
Tervuren Tervuren
57%
Scherpenheuvel-Zichem Zichem
57%
Bekkevoort Bekkevoort
50%
Drogenbos Drogenbos
50%
Geetbets Geetbets
50%
Dilbeek Groot-Bijgaarden
50%
Huldenberg Huldenberg
50%
Kapelle-op-den-bos Kapelle-op-den-bos
50%
Keerbergen Keerbergen
50%
Merchtem Merchtem
50%
Opwijk Opwijk
50%
Wemmel Wemmel
50%
Zemst Zemst
50%
Herent Herent
43%
Pajottegem Herne
43%
Kampenhout Kampenhout
43%
Leuven Kessel-Lo
43%
Bierbeek | Leuven Korbeek-Lo
43%
Lubbeek Lubbeek
43%
Leuven Wijgmaal
43%
Leuven Wilsele
43%
Tremelo Baal
36%
Leuven | Oud-Heverlee Haasrode
36%
Lubbeek Linden
36%
Tienen Oplinter
36%
Herent Veltem-Beisem
36%
Rotselaar Werchter
36%
Haacht Wespelaar
36%
Meise Wolvertem
36%
Begijnendijk Betekom
29%
Halle Buizingen
29%
Machelen Diegem
29%
Kortenberg Erps-Kwerps
29%
Kortenaken Kortenaken
29%
Huldenberg Neerijse
29%
Linter Neerlinter
29%
Vilvoorde Peutie
29%
Oud-Heverlee Sint-Joris-Weert
29%
Tielt-Winge Sint-Joris-Winge
29%
Zaventem Sint-Stevens-Woluwe
29%
Grimbergen Strombeek-Bever
29%
Rotselaar Wezemaal
29%
Herent Winksele
29%
Asse Zellik
29%
Scherpenheuvel-Zichem Averbode
21%
Oud-Heverlee Blanden
21%
Tervuren Duisburg
21%
Zemst Elewijt
21%
Zemst Eppegem
21%
Beersel Huizingen
21%
Grimbergen Humbeek
21%
Bertem Leefdaal
21%
Halle Lembeek
21%
Londerzeel Malderen
21%
Zaventem Nossegem
21%
Pajottegem Oetingen
21%
Diest Schaffen
21%
Zaventem Sterrebeek
21%
Haacht Tildonk
21%
Pajottegem Tollembeek
21%
Tervuren Vossem
21%
Zemst Weerde
21%
Bekkevoort Assent
14%
Pepingen Beert
14%
Kampenhout Berg
14%
Beersel Dworp
14%
Roosdaal Essene
14%
Merchtem Hamme
14%
Roosdaal Hekelgem
14%
Zemst Hofstade
14%
Holsbeek Kortrijk-Dutsel
14%
Pajottegem Leerbeek
14%
Beersel Lot
14%
Tielt-Winge Meensel-Kiezegem
14%
Kortenberg Meerbeek
14%
Hoegaarden Meldert
14%
Steenokkerzeel Melsbroek
14%
Kapelle-op-den-bos Nieuwenrode
14%
Holsbeek Nieuwrode
14%
Roosdaal Onze-Lieve-Vrouw-Lombeek
14%
Huldenberg Ottenburg
14%
Roosdaal Pamel
14%
Lubbeek Pellenberg
14%
Steenokkerzeel Perk
14%
Ternat Sint-Katherina-Lombeek
14%
Lennik Sint-Kwintens-Lennik
14%
Dilbeek Sint-Martens-Bodegem
14%
Lennik Sint-Martens-Lennik
14%
Holsbeek Sint-Pieters-Rode
14%
Roosdaal Strijtem
14%
Roosdaal Teralfene
14%
Scherpenheuvel-Zichem Testelt
14%
Oud-Heverlee Vaalbeek
14%
Pajottegem Vollezele
14%
Diest Webbekom
14%
Beersel Alsemberg
7%
Grimbergen Beigem
7%
Asse Bekkerzeel
7%
Lubbeek Binkom
7%
Pepingen Bogaarden
7%
Tienen Bost
7%
Merchtem Brussegem
7%
Kampenhout Buken
7%
Diest Deurne
7%
Pepingen Elingen
7%
Kortenberg Everberg
7%
Lennik Gaasbeek
7%
Aarschot Gelrode
7%
Tienen Hakendover
7%
Zoutleeuw Halle-Booienhoven
7%
Pepingen Heikruis
7%
Pajottegem Herfelingen
7%
Kortenaken Hoeleden
7%
Dilbeek Itterbeek
7%
Boutersem Kerkom
7%
Pajottegem Kester
7%
Asse Kobbegem
7%
Bertem Korbeek-Dijle
7%
Landen Laar
7%
Aarschot Langdorp
7%
Huldenberg Loonbeek
7%
Bierbeek Lovenjoel
7%
Opwijk Mazenzele
7%
Scherpenheuvel-Zichem Messelbroek
7%
Diest Molenstede
7%
Asse Mollem
7%
Landen Neerwinden
7%
Sint-Pieters-Leeuw Oudenaken
7%
Hoegaarden Outgaarden
7%
Kapelle-op-den-bos Ramsdonk
7%
Asse Relegem
7%
Aarschot Rillaar
7%
Sint-Pieters-Leeuw Ruisbroek
7%
Geetbets Rummen
7%
Dilbeek Schepdaal
7%
Huldenberg Sint-Agatha-Rode
7%
Pajottegem Sint-Pieters-Kapelle
7%
Dilbeek Sint-Ulriks-Kapelle
7%
Londerzeel Steenhuffel
7%
Boutersem Vertrijk
7%
Sint-Pieters-Leeuw Vlezenbeek
7%
Kortenaken Waanrode
7%
Ternat Wambeek
7%
Landen Attenhoven
0%
Glabbeek Attenrode
0%
Pepingen Bellingen
0%
Roosdaal Borchtlombeek
0%
Zoutleeuw Budingen
0%
Glabbeek Bunsbeek
0%
Zoutleeuw Dormaal
0%
Linter Drieslinter
0%
Landen Eliksem
0%
Landen Ezemaal
0%
Glabbeek Glabbeek-Zuurbemde
0%
Tienen Goetsenhoven
0%
Geetbets Grazen
0%
Zoutleeuw Helenbos
0%
Tielt-Winge Houwaart
0%
Diest | Scherpenheuvel-Zichem Kaggevinne
0%
Glabbeek Kapellen
0%
Kortenaken Kersbeek-Miskom
0%
Tienen Kumtich
0%
Linter Melkwezer
0%
Bekkevoort Molenbeek-Wersbeek
0%
Kampenhout Nederokkerzeel
0%
Linter Neerhespen
0%
Landen Neerlanden
0%
Boutersem Neervelp
0%
Tienen Oorbeek
0%
Bierbeek Opvelp
0%
Linter Orsmaal-Gussenhoven
0%
Linter Overhespen
0%
Landen Overwinden
0%
Kortenaken Ransberg
0%
Boutersem Roosbeek
0%
Landen Rumsdorp
0%
Sint-Pieters-Leeuw Sint-Laurens-Berchem
0%
Tienen Sint-Margriete-Houtem
0%
Tienen Vissenaken
0%
Landen Waasmont
0%
Landen Walsbets
0%
Landen Walshoutem
0%
Landen Wange
0%
Landen Wezeren
0%
Boutersem Willebringen
0%
Linter Wommersom
0%
Geen overeenkomende quizzen gevonden
Scoreverdeling
Procent van Mensen met Elke Score
Percentiel versus Aantal Correcte Antwoorden
Uw Scoregeschiedenis
U heeft deze quiz nog niet genomen